000
00332nam a2200145Ia 4500
008
230917s9999||||xx |||||||||||||| ||und||
040
_e
203770
_a
MAIN
041
_a
English
082
_a
869.3 C65Z
100
_a
Coelho, Paulo
245
0
_a
Zahir
260
_a
Noida
_b
Harper Collins
_c
2005
300
_a
xv, 342 p.
942
_c
BK
999
_c
174080
_d
174080